01252nab a22002057a 4500003000400000005001700004008004100021040000700062100002100069245012800090300001300218500003800231505035500269505017900624650002300803650001600826650002200842650002900864773015300893OSt20260128023516.0190514b xxu||||| |||| 00| 0 spa d cPJ aMorquecho, Lara 10aUn caso que evidencia los riesgos de la implementación del diagnóstico genético preimplantatorio / cLara Morquecho.  ap. 36-45 aCita: TR LALEY AR/DOC/2707/2025.  aSumario: I. Introducción.— II. El diagnóstico genético preimplantatorio (DGP).— III. El caso sobre responsabilidad civil de los médicos y la clínica ante la falencia del DGP: "D. M., I. L. y otros c. Fecunditas Medicina de Alta Complejidad y otros s/ daños y perjuicios - resp. prof. médicos y aux.".— IV. Algunas ¿conclusiones?. tFallo comentado: JNCiv. Nro. 42 ~ 12/05/2025 ~ D. M., I. L. y otros c. Fecunditas Medicina de Alta Complejidad y otros s/ daños y perjuicios - resp. prof. médicos y aux. 0aDERECHO DE FAMILIA 0aMALA PRAXIS 0aGENÉTICA HUMANA 0aJURISPRUDENCIA APLICABLE0 02844dBuenos Aires : AbeledoPerrot, 1989-tDerecho de familia. Revista Interdisciplinaria de doctrina y jurisprudencia. Diciembre 2025-VI.z18511201